[Event "E Candidates Chess Tournament 2022"]
[Site "Chess.com"]
[Date "2022.06.29"]
[Round "10"]
[White "Rapport, Richard"]
[Black "Ding, Liren"]
[Result "0-1"]
[WhiteElo "2764"]
[BlackElo "2806"]
[EventDate "2022.??.??"]
[Annotator "samsh"]
[PlyCount "122"]
[Beauty "6327560577102"]
[EventType "schev"]
[EventRounds "4"]
[EventCountry "FID"]

1.e4 {The 10th round of the Candidates saw the fight for second place blow wide open. Ding's effort with Black against Rapport put him in a reasonable spot, and I am actually not sure the tournament is as over as it might look on paper. Nepo clearly is cruising—for a second white game in a row, he didn't really try much and was happy to make a draw. But he suffered a lot with Black yesterday. With 3 guys chasing him, I would not be surprised if he needs 2.0/ 4 to take clear first. If he's super confident in his ability to draw with Black, I guess cruising is fine. But... it seems a little shaky. In any case, let's get to the game! It was a wild fight.} 1...e5 2.Nf3 Nc6 3.Bb5 a6 4.Ba4 Nf6 5.d3 {I always thought this was an inaccurate move order for White if he wants a d3 Spanish. Now, Black can put his bishop on a better square than e7— either c5 or g7 is quite reasonable. I guess it does have the added benefit of avoiding the Open Spanish.} ( 5.O-O Be7 6.d3 {This would be the normal way, forcing Black's bishop to commit to e7.} ) 5...b5 6.Bb3 Bc5 {The Archangel should be an excellent opening for Black if White is unable to play c3 and d4. It just looks like a good Italian for the second player.} 7.Bg5 $5 {This is very bold. It is not a bad move, but strategically it’s a very risky one. In general, I never really liked these positions where White's dark squared bishop ends up on g3. I often find that if it ever gets taken, Black's unopposed dark-squared bishop on a7 often wins him the game.} 7...h6 8.Bh4 d6 9.c3 Ba7 10.O-O {All of this is relatively normal so far. Ding kept matching the computer, suggesting he was still in his preparation.} 10...Na5 11.Bc2 c5 $1 {I like this move, being a little patient before chasing the bishop.} ( 11...g5 12.Bg3 Nh5 {This is probably playable too, but I dislike allowing} 13.b4 $1 {When Black is unable to retreat the knight back to the ideal c6-square without getting his pawn to c5 first.} ) 12.Nbd2 g5 $1 {Now and only now.} 13.Bg3 Nh5 14.a3 Rb8 $1 {This move convinced me that Ding may well be the best player in the world on the black side of Italian structures. It absolutely blows my mind that the computer says this is best, but it is. I would not have even considered it! Black plans to leave the king in the center and develop his rook along the seventh rank. Furthermore, after the inevitable b2-b4 coming, a2-a4 will be much less dangerous when the rook is off of the a-file. [After the game, Ding stated that this move was part of old preparation that was not for this game. - ed.]} ( 14...Qf6 {A move like this looks pretty automatic to me. It's not bad, but Ding's choice is stronger.} ) 15.Kh1 Rb7 $1 {Black is nothing if not consistent.} 16.b4 Nc6 17.Bb3 Rc7 18.Bd5 {Up to here, the game has been dynamic and tense, but mainly strategic with some understanding of where the pieces are supposed to go, and not with too many concrete lines to consider. Now it starts heating up fast.} 18...g4 $5 {The chaos begins!} ( 18...O-O {This was also possible. Black can plan for …Kg7 and …f5.} ) 19.Bh4 ( 19.Nh4 {This feels more natural to me, but White still has some problems to solve.} 19...Ne7 $1 {My computer claims White is okay here... but only if he lets Black take on d5! That is bizarre to me.} 20.Bb3 $2 ( 20.bxc5 Nxd5 21.exd5 Bxc5 {Apparently White is fine. That would most definitely not be my instinct!} ) 20...cxb4 $1 21.cxb4 O-O $15 {...Kh7 and …f5 are coming.} ) 19...Ne7 20.Ng1 cxb4 21.axb4 Rxc3 $5 {This strikes me as a bit greedy. I don't think the c3-pawn was the most important factor.} ( 21...Qd7 $1 {Time is of the essence. Now, Black is threatening to take on d5 and go …f5, which looks like an absolute nightmare for White. …Ng6 is also a huge threat, so one would expect White to take on e7.} 22.Bxe7 Qxe7 {But this is exactly what I am talking about with the unopposed g7-bishop. White cannot play f3 because of …Qh4, and he does not have another great way to get counterplay. c3 is weak, d4 won't come, at some point …Nf4 and the h-pawn starts shoving. Despite my computer's insistence on equality, I would definitely take Black here.} ) 22.Ne2 $1 Rc7 23.f4 $1 {White is a pawn down, so setting the board on fire makes perfect sense. Black's king can end up in real trouble.} 23...f6 $1 {The most human move.} ( 23...O-O {The machine wants this one, but this is a very hard move for a human.} 24.f5 $1 {The space is a huge problem and …Ng3 is on the way. Miraculously, Black just barely holds together with the only move} 24...Be3 $1 25.Ng3 Nxg3+ 26.hxg3 h5 {When his bishop can regroup to h6 and keep the king safe. Even here I would surely take White and I can understand why Ding didn't like it.} ) 24.fxe5 ( 24.Qe1 {The computer likes maintaining the tension here. No human plays such a move.} ) 24...dxe5 25.Ng3 $1 {Removing the guard of f6. Black's position looks very dangerous.} 25...Nxg3+ $1 26.hxg3 Rf8 $1 {Cold blooded.} 27.Rxf6 ( 27.Bxf6 $2 Rxf6 28.Rxf6 Nxd5 $1 {Black wins.} ) ( 27.Rc1 $5 {Maintaining the tension was an interesting option, though it is hard to imagine a human not taking on f6.} ) 27...Rxf6 $1 28.Bxf6 Qd6 $1 {Ding has the position more or less under control, though it still looks very scary.} 29.Qf1 Bd4 ( 29...Ng6 {Computers are so silly. Who brings the knight from e7 to g6 where it is blunted by the g3-pawn? Apparently this was best, so Black can go …Be6 and …Rf7 next.} ) 30.Bf7+ $1 Kd7 ( 30...Kxf7 {Of course the bishop cannot be taken.} 31.Bxe5+ ) 31.Rd1 Rc2 {I didn't really get this move. Apparently, moving the rook back and forth could lead to a repetition... But I don't see why Black needs to worry so much just yet.} ( 31...Qxb4 $5 {I think Black could have grabbed this pawn.} 32.Nb3 ) 32.Bb3 Rc7 {My suspicion is that if Rapport played Bf7 here, Ding may have taken b4 and continued the game. But, we will never find out, since Richard has never been shy about pushing the chaos button.} 33.Nc4 $5 {Very enterprising! But this is the kind of thing that does not work as well against 2800s.} 33...bxc4 34.dxc4 {c5 is coming next and Black's position looks very scary, but Ding finds the right coordination.} 34...Rc6 $1 {White's biggest threat was c4-c5, kicking the queen off of the d-file and getting ready for Bxe5 next. Black hits the f6 bishop with a gain of tempo and clears the c7-square for his king to escape. Losing the exchange is hardly the most relevant factor.} ( 34...Qxb4 $2 {Of course this tempting move has to be considered, but it's no good.} 35.Bxe5 $1 {White wins.} ) ( 34...Ke8 {This might look tempting to escape the pin, but...} 35.c5 $1 Qc6 36.Bxe5 $1 {... It turns out Black cannot take back on e5 anyway on pain of mate on f7. White wins.} ) 35.Ba4 Kc7 $1 {Black escapes the dangerous d-file. White should be careful to maintain the balance.} 36.Bxc6 Nxc6 37.b5 Nb4 $1 {Black wants to keep the c-file closed...} ( 37...axb5 38.cxb5 Na5 {This was also possible, but I prefer the game continuation.} ) 38.c5 $1 {But White insists.} 38...Qe6 39.Bh4 ( 39.b6+ $2 {It might be tempting to get connected passers, but Black has them nicely blockaded.} 39...Kb7 $19 {Black sticks his knight on c6, and White's pawns are going nowhere. Conversely, the a-pawn will win the game.} ) 39...Bxc5 $1 {Brave, but well calculated. Black had other good moves, but I like this one the most by far. Ding grabs the pawn, and this set him on the path to victory.} 40.Rc1 $1 Qd6 $1 ( 40...Kb6 $2 {Not to be recommended!} 41.Bd8+ $1 $18 ) 41.Qc4 {It is incredibly easy to get this far in your calculations and just call it quits. Black's position looks like it is about to collapse on the c-file, but Ding had seen it further.} 41...Nd3 $1 ( 41...Kb6 $2 42.Bd8+ {This would have led to a very different result!} ) 42.Rc3 $2 {A very natural human move, but it loses the game.} ( 42.Be7 $1 {White had to play this move. It's not that hard a move to find once you realize that Rc3 loses... but noticing that Rc3 is losing is hard to do!} 42...Qxe7 43.Qxd3 Kb6 44.bxa6 Bxa6 45.Qd5 $11 {Black's king is a bit too open here. Despite my computer insisting on dead equality, I do think Black can push a bit, but in a higher chess sense, this should be drawn.} ) 42...axb5 $1 43.Qxd3 ( 43.Qxb5 Nf2+ {Black keeps his piece, consolidates his position, and wins.} 44.Kh2 Nxe4 $19 ) 43...Qxd3 $1 44.Rxd3 Bd4 $1 {Now, White is an exchange up... but dead lost. His king is forever shut out of play on h1 and unable to come to g1. So, Black basically just pushes the b-pawn down the board. There is no way White's bishop can come around in time to challenge the a7-g1 diagonal. We are a long way from the opening, but that same ideal held true- Bg5-h4 allowed Black to dominate the most important diagonal.} 45.Bf6 {It's understandable to aim for the opposite-bishop ending, but Black wins by one tempo.} ( 45.Bg5 {Even if Black's pawn had been back on h7 and this move did not hang a piece, Black would still win. It takes too long to get the king into play.} 45...Kc6 46.Be3 Bxe3 47.Rxe3 b4 {The b-pawn is coming and White's king may as well be on another planet.} ) ( 45.Rd1 {This offers a bit more resistance, but Black should definitely still be winning.} 45...Bb7 $19 ) 45...Kb6 $1 46.Rxd4 exd4 47.Bxd4+ Ka5 48.Kg1 b4 49.Kf2 Ka4 $1 {Just in time.} 50.Ke3 Kb3 {Again, just in time.} ( 50...Bd7 {Burning one move allows White to set up a fortress.} 51.Kd2 Kb3 52.Bc5 $1 $11 {Black needs Kc3 here, and White's king got the tempo it needed to get in position.} ) 51.Kf4 ( 51.Kd2 {Passive defense does not hold.} 51...Ka2 52.Kc1 b3 53.e5 Be6 {Black will play …Bd5, …Bxg2, bring the bishop back to stop the e-pawn, and then …h5 and …g3 wins as White's bishop is unable to stop both the g-pawn and the b-pawn.} ) ( 51.Bc5 Kc3 $1 {Nice that White's king did not make it to d2!} ) 51...Kc2 52.Ke5 b3 53.Kd6 Kd3 $1 {Nice and clinical. Black does have the time to grab the e4-pawn.} ( 53...b2 {This wins, but there is no need to calculate variations.} ) 54.Ba1 Kxe4 55.Kc5 Kd3 {Rapport resigned. Had he continued, this is what the end would have looked like.} 56.Kb4 Kc2 57.Ka3 Bb7 58.Bb2 Bxg2 59.Ba1 h5 60.Bb2 h4 61.gxh4 g3 {White's bishop cannot stop both pawns.} 0-1

[Event "E Candidates Chess Tournament 2022"]
[Site "Chess.com"]
[Date "2022.06.30"]
[Round "11"]
[White "Firouzja, Alireza"]
[Black "Nepomniachtchi, Ian"]
[Result "0-1"]
[WhiteElo "2793"]
[BlackElo "2766"]
[EventDate "2022.??.??"]
[Annotator "samsh"]
[PlyCount "70"]
[Beauty "7973606809690"]
[EventType "schev"]
[EventRounds "4"]
[EventCountry "FID"]

1.e4 e5 2.Nf3 Nf6 3.Nxe5 d6 4.Nf3 Nxe4 5.c4 {This move is not known to be wildly dangerous, and while Firouzja was playing very quickly to a point, I have to believe there was a better choice available against the Petroff.} 5...Nc6 6.d3 Nf6 7.d4 Be7 8.d5 Ne5 9.Nd4 O-O 10.Nc3 Bg4 11.f3 {Firouzja played this move very quickly, suggesting he was still in preparation, but I'm not quite sure what he had in mind. Black's position already looks very comfortable to me and f2-f3 makes some weaknesses. “After f3 White shouldn't fight for something because of this weakness.” (Nepomniachtchi)} ( 11.Be2 {My computer is pretty insistent that this is the best move, so it's a little surprising Firouzja played something else so fast—if he was still in preparation, I'd expect him to play Be2. And if he was out of preparation and played something that's not best, you'd think he would have spent a bit more time doing it.} 11...Bxe2 12.Qxe2 Re8 {I suppose White is somewhat for choice due to having a little extra space, but it looks very marginal to me. The main thing that a space advantage gives you is more squares for your pieces, and having less space means your pieces can often end up with a shortage of good squares and competing for the same ones. Here, despite Black having a little less space, his pieces are fine. Nfd7 and Bf6 or Bg5 could come next, and he looks more or less fine to me.} ) 11...Bd7 12.Be2 c6 $1 {I like it $1 Black opens the center and hits back at the space advantage at the source.} 13.O-O cxd5 14.cxd5 Qb6 {“After Qb6 I didn't check Qb6, so I think I am a little better there, but I couldn't find a way to be better.” (Firouzja)} 15.Kh1 {“I thought he had to play something like Rb1.” (Nepomniachtchi)} 15...Rac8 {This was the first move Firouzja spent any substantial amount of time on, and he burned his bridges right away. I don't really blame him. It's very easy to go nuts when you are having a rough tournament and he is an aggressive player in his nature, but it really looked like tilt to me. It's hard to imagine that White can launch a direct kingside attack when the center is open and Black's pieces are all active and on good squares.} 16.g4 $2 {Brazen, but this can't be right.} ( 16.f4 $1 {Simple strategic chess was best. After} 16...Nc4 17.b3 Ne3 18.Bxe3 Rxc3 19.Bg1 {White can still pretend to have a little pull thanks to his extra space, though again I think it's really not much. I suspect Firouzja saw this option, thought Black will draw easily, and decided to be more aggressive almost by default.} ) 16...h6 $1 {A very strong response. Black wants to make sure that if White launches an attack, he has to throw all of his kingside pawns, leaving his own king unsafe. White will not be able to make use of the open h-file.} 17.h4 {Not best, but I can't imagine any other move. Nobody plays g4 and then after h6 says: \"Well, that didn't work. Let's make a more normal move and ignore the fact that I just compromised my kingside.\"} 17...Rfe8 $1 {Black had other moves, but I really like this one. It is bold but very strong—Black allows g5 and f4 to come but just doesn't care.} ( 17...Nh7 $5 {Black could borrow a theme from the Scheveningen as well. When Nepo played h6, I thought this was what he had in mind—White's h-pawn is harassed, and he is more or less forced to sacrifice a kingside pawn.} ) 18.g5 ( 18.a4 {Apparently this was best, but again, nobody would ever go g4 and h4 and then just stop when Black ignores their \"threat.” Still, Black is much better here as well.} ) 18...hxg5 19.hxg5 Nh5 $1 {Now the point of including h6 and h4 for Black is on full display. Since White lacks his h2-pawn, he is not in time to play f4.} 20.Kg2 {I was thinking about the position without a computer for Black, and I saw it to here. At the moment, Nepo was thinking about Rfe8. It looked unclear—f4 is coming after all, and Rh1 could be on the way too. This is why I sort of gravitated towards Nh7. Of course, that was not a bad move, but Nepo showed excellent nerves and calculation to see it a step further and know exactly what to do.} ( 20.f4 $2 Ng3+ $1 ) 20...Ng6 $1 {Absolutely devastating. Black is ready to slam into f4 next, more or less forcing f4 from White right now. But, then the position collapses.} 21.f4 Nhxf4+ $1 {The right knight.} ( 21...Ngxf4+ 22.Bxf4 {The hanging knight on h5 forces Black to take on f4, transposing to the not-as-ideal line on move 22.} ) 22.Bxf4 {Now, it feels so natural for Black to grab f4 and g5, winning a second pawn, getting a monster dark-squared bishop, and watching the pieces spring to life. This was not bad, but Nepo's choice was stronger.} 22...Qxb2 $1 {All of White's pieces are hanging and something will fall.} ( 22...Nxf4+ 23.Rxf4 Bxg5 24.Rf3 {Black is better here but the fight continues.} ) 23.Ne4 {The best move in a bad position. Now, I really like Nepo's next move as well. The computer sees something stronger, but the human move is quite sufficient.} ( 23.Bd2 Rxc3 $1 24.Rb1 Rg3+ $1 25.Kxg3 Qxd4 {White is done for.} ) 23...Rc4 $1 ( 23...Bd8 {The machine offers this one, which is completely ridiculous. You will be strip-searched if you play it. Nepo's choice is so human and so natural, and certainly enough to win the game.} ) 24.Be3 {Otherwise White loses a piece on the spot. Now, basic calculation—always examine all checks and captures, and the details here are actually pretty straightforward.} 24...Bxg5 $1 25.Rb1 ( 25.Nxg5 Rxe3 $19 {White loses the house.} ) ( 25.Bxg5 Rxd4 {Again, White loses the house.} ) 25...Qxa2 $1 {Before anything else, Black grabs another pawn. He now has four pawns for the piece, and White's pieces in the center are hanging.} 26.Ra1 Rxd4 $1 {The simplest.} ( 26...Bxe3 27.Rxa2 Rxd4 {This would have been fun and interesting, but when you are winning, you don't want fun and interesting. You want clean, crisp, and convincing.} ) 27.Rxa2 Rxd1 {For the moment, Black is up four pawns. The most material White can take back here is an exchange, and that clearly will not cut it.} 28.Bxd1 {The best try.} ( 28.Nxg5 Rxf1 29.Kxf1 Rxe3 {A head count will not be fun for White.} ) 28...Bxe3 29.Nxd6 Re7 {A final, accurate move, but a very easy one. Black defends his f7-pawn and is totally winning due to his material advantage, piece activity, and the looseness of White's position, particularly around his king.} 30.Bb3 ( 30.Nxb7 {I would have tried just grabbing a pawn and clearing way for the d-pawn and hoping for the best, but against best play it certainly would not change the result.} 30...Bb5 $1 31.Re1 Bc4 $1 {Black wins material.} ) 30...Bc5 $1 31.Nxb7 Bb6 {Black need not fear d5-d6 due to the check on c6, and his pieces will shortly throttle white's king.} 32.Bc4 Re3 33.Kh1 Bh3 34.Rc1 Bf5 35.Bf1 ( 35.Nd6 {This would have forced Black to find one more idea, but it is very easy.} 35...Rh3+ 36.Rh2 Rxh2+ 37.Kxh2 Bc7 $1 {Black wins the knight, and the game.} ) 35...Be4+ {With d5 falling next and b7 after that, Firouzja gave up. After the last game of the 2021 match with Carlsen, I wrote that, in my opinion, Nepo A is the second-best player in the world. Well, he has brought Nepo A all throughout this event, and I would revise my statement and instead say that Nepo A is far and away the second-best player in the world, well ahead of Ding, Caruana, and Firouzja, all of whom are higher rated. I suspect he will clear 2800 and beyond in no time if he can keep bringing Nepo A to the board, as he has done here. But you can't ever draw such sweeping conclusions from one event, and if Nepo B starts showing up again at some point, leaving the board constantly and blundering every other game, then I think the aforementioned trio will remain higher rated. The last few rounds feel like a formality at this point, but there is still some excitement in the fight for second since Magnus has said he is not certain he will play the next match.} 0-1